La Educación y la Generación del 98
Publicado:
[Madrid] :
Ministerio de Educación y Cultura, Instituto Nacional de Calidad y Evaluación, Centro de Publicaciones ,
1997
Descripción Física:
220 p. ; 24 cm
Colección:
Revista de Educación ; monográfico 1997
MARC
| LEADER | 00000nam a2200000Ia 4500 | ||
|---|---|---|---|
| 001 | 11953 | ||
| 003 | BGR | ||
| 005 | 20260324175423.0 | ||
| 008 | 160829s1997 xx 000 0 cat d | ||
| 080 | |a E-1-48 | ||
| 245 | |a La Educación y la Generación del 98 | ||
| 260 | |a [Madrid] : |b Ministerio de Educación y Cultura, Instituto Nacional de Calidad y Evaluación, Centro de Publicaciones, |c 1997 | ||
| 300 | |a 220 p. ; |c 24 cm | ||
| 490 | |a Revista de Educación ; monográfico 1997 | ||
| 650 | |a Educació |x Espanya |x Història |x S. XX |9 33017 | ||
| 650 | |a Ensenyament |x Espanya |x Història |x S. XX |9 33018 | ||
| 650 | |a Generació del 98 m |9 33019 | ||
| 710 | 2 | |a Instituto Nacional de Calidad y Evaluación (Espanya) |9 71191 | |
| 901 | |a Arxiu | ||
| 942 | |n 1 |2 udc |c MON | ||
| 952 | |0 0 |1 0 |4 0 |6 E148 |7 1 |9 46176 |a Arxiu |b Arxiu |d 2016-12-01 |l 0 |o E-1-48 |p 11953 |r 2016-12-01 00:00:00 |w 2016-12-01 |y ARXIU | ||
| 999 | |c 49678 |d 49678 | ||